000 00573nam a22002177a 4500
003 DO-SdBNP
005 20180118091232.0
008 151005b 19uu pe 00| 0 spa d
040 _aBPMSU
_bspa
_cBPMSU
092 _axxxxx
_bxxxxx
100 1 _aIbsen, Henrik
245 1 0 _aCasa de muñecas /
_cHenrik Ibsen.
260 _aLima, Peru :
_bSanta Barbara,
_c[19--].
300 _a98 p. ;
_c15 cm.
490 1 _aSaber humano
521 1 _aA partir de los 12 años
830 0 _aSaber humano
942 _2ddc
_cBK
945 _aInventariado, 2018 / LP
956 _aYngrid Lockward
_b10
999 _c8876
_d8876